Enjoy God's best for your life (Record no. 18719)
[ view plain ]
| 000 -LEADER | |
|---|---|
| fixed length control field | 00627nam a22002417a 4500 |
| 003 - CONTROL NUMBER IDENTIFIER | |
| control field | OSt |
| 005 - DATE AND TIME OF LATEST TRANSACTION | |
| control field | 20140310183059.0 |
| 008 - FIXED-LENGTH DATA ELEMENTS--GENERAL INFORMATION | |
| fixed length control field | 130301t xxu||||| |||| 00| 0 eng d |
| 020 ## - INTERNATIONAL STANDARD BOOK NUMBER | |
| International Standard Book Number | 9789710070114 |
| 050 ## - LIBRARY OF CONGRESS CALL NUMBER | |
| Classification number | BX 235.5 |
| Item number | .G613 2010 |
| 082 ## - DEWEY DECIMAL CLASSIFICATION NUMBER | |
| Classification number | Fil 248.4 |
| Item number | G557e 2010 |
| 245 ## - TITLE STATEMENT | |
| Title | Enjoy God's best for your life |
| Statement of responsibility, etc | Gogna,Arun |
| 260 ## - PUBLICATION, DISTRIBUTION, ETC. (IMPRINT) | |
| Place of publication, distribution, etc | Quezon City : |
| Name of publisher, distributor, etc | Shepherd's Voice Pub., |
| Date of publication, distribution, etc | c2010 |
| 300 ## - PHYSICAL DESCRIPTION | |
| Extent | 199 p. : |
| Other physical details | ill. ; |
| Dimensions | 22 cm. |
| 521 ## - TARGET AUDIENCE NOTE | |
| Target audience note | |
| 526 ## - STUDY PROGRAM INFORMATION NOTE | |
| Reading level | 1210L-1700L |
| 541 ## - IMMEDIATE SOURCE OF ACQUISITION NOTE | |
| -- | 1 |
| 541 ## - IMMEDIATE SOURCE OF ACQUISITION NOTE | |
| -- | 2 |
| 541 ## - IMMEDIATE SOURCE OF ACQUISITION NOTE | |
| -- | 3 |
| 541 ## - IMMEDIATE SOURCE OF ACQUISITION NOTE | |
| -- | 4 |
| 562 ## - COPY AND VERSION IDENTIFICATION NOTE | |
| Number of copies | 4 |
| 942 ## - ADDED ENTRY ELEMENTS (KOHA) | |
| Source of classification or shelving scheme | Library of Congress Classification |
| Koha item type | Books |
| Call number prefix | Filipininana |
| Withdrawn status | Lost status | Source of classification or shelving scheme | Damaged status | Home library | Current library | Shelving location | Date acquired | Total Checkouts | Total Renewals | Full call number | Barcode | Date last seen | Date checked out | Copy number | Price effective from | Koha item type | Source of acquisition |
|---|---|---|---|---|---|---|---|---|---|---|---|---|---|---|---|---|---|
| Library of Congress Classification | Archives | Archives | 05/02/2013 | BX 235.5 .G613 2010 | C14548 | 05/08/2018 | 3 | 11/14/2013 | Books | Donation | |||||||
| Library of Congress Classification | Archives | Archives | 05/02/2013 | BX 235.5 .G613 2010 | C14549 | 05/08/2018 | 4 | 11/14/2013 | Books | Donation | |||||||
| Library of Congress Classification | College Library | College Library | Filipiniana Section | 05/02/2013 | 2 | 1 | BX 235.5 .G613 2010 | c14349 | 05/08/2018 | 01/09/2015 | 1 | 11/14/2013 | Books | ||||
| Library of Congress Classification | College Library | College Library | Filipiniana Section | 05/02/2013 | BX 235.5 .G613 2010 | c14547 | 05/08/2018 | 2 | 11/14/2013 | Books |